Textbook of Finite Element Analysis / (Record no. 787)

MARC details
000 -LEADER
fixed length control field 00674nac a22001691u 4500
008 - FIXED-LENGTH DATA ELEMENTS--GENERAL INFORMATION
fixed length control field 100907t xxu||||| |||| 00| 0 eng d
020 ## - INTERNATIONAL STANDARD BOOK NUMBER
International Standard Book Number 8120323157
082 ## - DEWEY DECIMAL CLASSIFICATION NUMBER
Classification number 620.00151535
Item number SES
100 ## - MAIN ENTRY--PERSONAL NAME
Personal name Seshu, P.
9 (RLIN) 18583
245 ## - TITLE STATEMENT
Title Textbook of Finite Element Analysis /
Statement of responsibility, etc P. Seshu
260 ## - PUBLICATION, DISTRIBUTION, ETC. (IMPRINT)
Place of publication, distribution, etc New Delhi :
Name of publisher, distributor, etc Prentice-Hall of India,
Date of publication, distribution, etc 2003
300 ## - PHYSICAL DESCRIPTION
Extent 330 p. :
Other physical details ill. ;
Dimensions 24 cm.
500 ## - GENERAL NOTE
General note Includes index.
650 ## - SUBJECT ADDED ENTRY--TOPICAL TERM
Topical term or geographic name as entry element Finite element method.
9 (RLIN) 18584
942 ## - ADDED ENTRY ELEMENTS (KOHA)
Item type Book - Borrowing
Call number prefix 620.00151535 SES
Source of classification or shelving scheme Dewey Decimal Classification
Holdings
Withdrawn status Item status Source of classification or shelving scheme Damaged status Not for loan Vendor Home library Current library Shelving location Date acquired Source of acquisition Cost, normal purchase price Total Checkouts Total Renewals Full call number Barcode Date last seen Date last borrowed Cost, replacement price Koha item type
    Dewey Decimal Classification       Central Library Central Library First floor 22/09/2010   100.00 2 7 620.00151535 SES 000003795 15/07/2025 12/08/2017 125.00 Book - Borrowing